| 000 | 01831cam a22003854i 4500 | ||
|---|---|---|---|
| 003 | PE-LiUPU | ||
| 005 | 20250731173211.0 | ||
| 008 | 150625s r 000 0 d | ||
| 035 | _a(Sirsi) a32333 | ||
| 040 |
_aPE-LiUPU _bspa _cPE-LiUPU _erda |
||
| 082 | 0 | 4 |
_a201.301 _bS56 _221 |
| 100 | 1 |
_aSimarro Fernandez, Juan, _eautor. |
|
| 245 | 1 | 0 | _aCristianos ante la pobreza. |
| 264 | 1 |
_aBarcelona : _bClie, _c1990. |
|
| 336 |
_atext _2rdacontent |
||
| 337 |
_aunmediated _2rdamedia |
||
| 338 |
_avolume _2rdacarrier |
||
| 505 | 0 | _aEl programa de Jesus. - Caracteristicas psicologicas de los pobres. - A los pobres siempre los tendreis con vosotros. - Las causas de la pobreza. - La autentica religión. - A mi lo hicisteis. - ¿Medidas asistenciales o cambios estructurales?. - La justicia. - La conversión y su recusión en la esfera social. - ¿Somos todos hermanos?. - El buen samaritano. - La comunicación cristiana a travez de la acción. - El hombre y el rito. - Caractersticas psicologicas del rico opresor. - El amor. - Las falsas apariencias. - Paradojas biblicas. - Mi poetncia se perfecciona en la debilidad. - Las posesiones ante la brevedad de la vida. - Mirando a lo invisible. | |
| 526 | _aSEG42 | ||
| 526 | _aSEG41 | ||
| 526 | _aSEG40 | ||
| 526 | _aSEG39 | ||
| 526 | _aP94 | ||
| 526 | _aP87 | ||
| 526 | _aP86 | ||
| 526 | _aP85 | ||
| 526 | _aP77 | ||
| 526 | _aP76 | ||
| 526 | _aP35 | ||
| 942 |
_2ddc _cBOOK |
||
| 949 |
_a201.301 S56 _wDEWEY _c1 _i36966 _lCCODEBUL1 _mBUL _p00.00 _r0 _sY _tBOOK _u2015-06-25 _xBIBLIOTECA _zUNKNOWN _0COMPRA _o.STAFF. Colección General |
||
| 596 | _a1 | ||
| 999 |
_a201.301 S56 _wDEWEY _c39974 _i36966 _f2021-11-9 _g5 _lCCODEBUL1 _mBUL _r0 _sY _tBOOK _u2015-6-25 _xTEOLOGIA _zUNKNOWN _0COMPRA _o.STAFF. Colección General _d39974 |
||
| 980 |
_81 _gALBERTO SANCHEZ Responsable de Automatización |
||